|
|
|
|
| LEADER |
00900nam a22002772a 4500 |
| 001 |
001285164 |
| 003 |
CZ BrMZK |
| 005 |
20130323092534.0 |
| 007 |
ta |
| 008 |
130323s1925 xx b er|||||||||||cze d |
| 040 |
|
|
|a BOA001
|b cze
|
| 072 |
|
7 |
|a 913
|x Regionální geografie
|2 Konspekt
|9 7
|
| 080 |
9 |
|
|a 913
|
| 080 |
9 |
|
|a 912
|
| 100 |
1 |
|
|a Stieler, Adolf,
|d 1775-1836
|7 jn19990009732
|4 aut
|
| 245 |
1 |
0 |
|a Stielers Hand-Atlas :
|b 254 Haupt- und Nebenkarten in Kupferstich /
|c von grund auf neubearbeitet unter Leitung von H. Haack
|
| 250 |
|
|
|a 10. Aufl., Hundertjahr-Ausg.
|
| 260 |
|
|
|a Gotha :
|b Justus Perthes,
|c 1925
|
| 300 |
|
|
|a 108 map na dvojlistech ;
|c 40 cm
|
| 504 |
|
|
|a Rejstřík
|
| 650 |
0 |
7 |
|a regionální geografie světa
|7 ph120523
|2 czenas
|
| 655 |
|
7 |
|a atlasy
|7 fd131835
|2 czenas
|
| 700 |
1 |
|
|a Haack, Hermann,
|d 1872-1966
|7 jn19990003019
|4 aut
|
| 910 |
|
|
|a BOA001
|b 4-0164.571
|
| 990 |
|
|
|a BK
|
| 993 |
|
|
|a Y
|